Putas asesinas /

Guardado en:
Autor Principal: Bolaño, Roberto
Formato: Libro
Publicado: Barcelona : Anagrama, 2001
Series:Narrativas Hispánicas
Materias:
Etiquetas: Agregar Etiqueta
Sin Etiquetas, Sea el primero en etiquetar este registro!
LEADER 00603nam a22002295a 4500
001 CEM.cems013969
008 130507s2001##################000#0#####d
005 20210805142136.0
003 CEMS
245 1 0 |a Putas asesinas /  |c Roberto Bolaño. 
260 |a Barcelona :  |b Anagrama,  |c 2001 
300 |a 218 p. 
490 0 |a Narrativas Hispánicas 
590 |a 1107.013 
020 |a 8433924850 
100 1 |a Bolaño, Roberto 
653 |a Literatura 
653 |a Literatura chilena 
653 |a Narrativa 
653 |a Cuentos 
653 |a Biblioteca TC 
859 |a CEMS  |b BIB. CEMS - 11 de abril  |h TC  |p 1107.013  |t Ej.1